000 00803nam a2200217 a 4500
001 1501
003 BR-CuiBMT
005 20231220014415.0
008 231212s2015 mtba 000 0 por d
040 _aBR-CuiBMT
_cBR-CuiBMT
080 _22007
_x(047)
_a351.94:336.148
090 _dTCE/MT
_a351.94:336.148(047)
_bM433d
110 1 _aMato Grosso.
_bTribunal de Contas.
245 1 0 _aDigitalização e otimização do acervo :
_brelatório final do projeto /
_cTribunal de Contas de Mato Grosso.
260 _aCuiabá :
_bTCE-MT,
_c2015.
300 _a[50 p.] :
_bil. ;
_c29 cm
610 1 _aMato Grosso.
_bTribunal de Contas
_xAcervo documental
650 _aDigitalização acervo fisico
_xTribunal de contas
_zMato Grosso
650 _aGestão documental
_xTribunal de contas
_zMato Grosso
942 _2udc
_cLV
999 _c1501
_d1501